[Event "Leiden op-A 12th"]
[Site "Leiden"]
[Date "2018.07.14"]
[Round "2"]
[White "Slingerland, Fred"]
[Black "Loginov, Valery A"]
[Result "1/2-1/2"]
[WhiteElo "2355"]
[BlackElo "2493"]
[PlyCount "106"]
[EventDate "2018.07.13"]
[EventType "swiss"]
[EventRounds "9"]
[EventCountry "NED"]
[SourceTitle "CBM 185 Extra"]
[Source "ChessBase"]
[SourceDate "2018.07.29"]
[SourceVersion "1"]
[SourceVersionDate "2018.07.29"]
[SourceQuality "1"]

1. e4 c5 2. Nf3 d6 3. d4 cxd4 4. Nxd4 Nf6 5. Nc3 Nc6 6. Be2 e5 7. Nf3 h6 8. 0-0 Be7 9. Re1 0-0 10. h3 Be6 11. Bf1 Qd7 12. Nd5 Bd8 13. c4 Nh7 14. b3 Ba5 15. Bd2 Bxd2 16. Qxd2 f5 17. exf5 Rxf5 18. Re3 Raf8 19. Rd1 Rxf3 20. Rxf3 Rxf3 21. gxf3 Ng5 22. Qe3 Bxh3 23. Be2 Nd4 24. Rxd4 exd4 25. Qxd4 b6 26. Qe3 Be6 27. Nf4 Bf7 28. Bd3 Qd8 29. Be4 Qf6 30. Kg2 Ne6 31. Nxe6 Bxe6 32. f4 Kf7 33. a4 g5 34. fxg5 Qxg5+ 35. Qxg5 hxg5 36. f4 Kf6 37. Kf3 g4+ 38. Kg3 a5 39. Bc2 Bf5 40. Bd1 Kg6 41. Bxg4 Bc2 42. Bd7 Bxb3 43. Bb5 Kf6 44. Kf3 d5 45. cxd5 Bxd5+ 46. Ke3 Bb3 47. Ke4 Ke6 48. f5+ Kf6 49. Bd7 Bc2+ 50. Kd5 Bb3+ 51. Kd6 Bxa4 52. Bxa4 Kxf5 53. Kc6 Ke5 1/2-1/2

[Event "Heart of Finland op 27th"]
[Site "Jyvaskyla"]
[Date "2017.07.22"]
[Round "8"]
[White "Sysolyatin, Evgeny Valerievich"]
[Black "Loginov, Valery A"]
[Result "0-1"]
[WhiteElo "2289"]
[BlackElo "2486"]
[PlyCount "86"]
[EventDate "2017.07.17"]
[EventType "swiss"]
[EventRounds "9"]
[EventCountry "FIN"]
[SourceTitle "CBM 179 Extra"]
[Source "ChessBase"]
[SourceDate "2017.08.23"]
[SourceVersion "1"]
[SourceVersionDate "2017.08.23"]
[SourceQuality "1"]

1. e4 c5 2. Nf3 d6 3. d4 cxd4 4. Nxd4 Nf6 5. Nc3 Nc6 6. Bg5 e6 7. Qd2 a6 8. 0-0-0 Bd7 9. f3 h6 10. Be3 b5 11. Nxc6 Bxc6 12. g4 Qc7 13. Bg2 Rc8 14. h4 Nd7 15. f4 b4 16. Ne2 Nf6 17. g5 Nxe4 18. Qd3 Qb7 19. Nd4 Bd5 20. Nb3 Nf2 21. Bxf2 Bxg2 22. Rhe1 d5 23. Qg3 Be4 24. Rd2 hxg5 25. Qxg5 f6 26. Qg4 Kf7 27. Nd4 f5 28. Qg3 Rh6 29. Nf3 Kg8 30. Ng5 Qc7 31. Ree2 Bd6 32. Be3 e5 33. fxe5 Bxe5 34. Qh3 Bxb2+ 35. Kxb2 Qc3+ 36. Kb1 b3 37. Bd4 bxc2+ 38. Kc1 Rb8 39. Rxc2 Qxd4 40. Nxe4 dxe4 41. Qh2 Qa1+ 42. Kd2 Rd8+ 43. Ke3 Rd3+ 0-1

[Event "Heart of Finland op 27th"]
[Site "Jyvaskyla"]
[Date "2017.07.20"]
[Round "6"]
[White "Moiseenko, Vadim"]
[Black "Loginov, Valery A"]
[Result "1/2-1/2"]
[WhiteElo "2548"]
[BlackElo "2486"]
[PlyCount "115"]
[EventDate "2017.07.17"]
[EventType "swiss"]
[EventRounds "9"]
[EventCountry "FIN"]
[SourceTitle "CBM 179 Extra"]
[Source "ChessBase"]
[SourceDate "2017.08.23"]
[SourceVersion "1"]
[SourceVersionDate "2017.08.23"]
[SourceQuality "1"]

1. d4 Nf6 2. Bf4 e6 3. e3 c5 4. Nd2 Nc6 5. c3 d5 6. Bd3 Bd6 7. Bxd6 Qxd6 8. f4 cxd4 9. cxd4 Bd7 10. a3 Ne7 11. Ngf3 Qb6 12. Qb3 Qxb3 13. Nxb3 Nc8 14. Ne5 Nd6 15. Nc5 Ke7 16. g4 Be8 17. Rc1 Rc8 18. Ke2 Kd8 19. b3 Nfe4 20. a4 b6 21. Nxe4 dxe4 22. Rxc8+ Kxc8 23. Ba6+ Kd8 24. Rd1 h5 25. g5 f6 26. Nc4 Ke7 27. d5 h4 28. Ke1 fxg5 29. fxg5 Rh5 30. Nxd6 Kxd6 31. dxe6+ Ke7 32. Rc1 Rxg5 33. Rc7+ Kxe6 34. Bf1 a5 35. Rb7 Kd6 36. Rxb6+ Kc7 37. Re6 Bc6 38. Re7+ Kb6 39. Kd2 Rf5 40. Ke2 Rc5 41. Kd2 Rf5 42. Be2 Rf2 43. h3 Rh2 44. Rxg7 Rxh3 45. Rg5 Rg3 46. Rh5 h3 47. Bb5 Bb7 48. Bf1 Bc8 49. b4 axb4 50. a5+ Kc7 51. a6 Bxa6 52. Rh7+ Kb8 53. Bxa6 Rg2+ 54. Kc1 h2 55. Bf1 Rg1 56. Rxh2 Rxf1+ 57. Kc2 Rf3 58. Re2 1/2-1/2

[Event "Heart of Finland op 27th"]
[Site "Jyvaskyla"]
[Date "2017.07.19"]
[Round "4"]
[White "Vilppolainen, Markku"]
[Black "Loginov, Valery A"]
[Result "0-1"]
[WhiteElo "1990"]
[BlackElo "2486"]
[PlyCount "66"]
[EventDate "2017.07.17"]
[EventType "swiss"]
[EventRounds "9"]
[EventCountry "FIN"]
[SourceTitle "CBM 179 Extra"]
[Source "ChessBase"]
[SourceDate "2017.08.23"]
[SourceVersion "1"]
[SourceVersionDate "2017.08.23"]
[SourceQuality "1"]

1. e4 c5 2. d3 Nc6 3. g3 d5 4. exd5 Qxd5 5. Nf3 Bg4 6. Bg2 Nf6 7. h3 Bh5 8. Nc3 Qd7 9. Be3 e6 10. g4 Bg6 11. Nd2 Be7 12. Qf3 Rc8 13. 0-0-0 0-0 14. h4 h5 15. g5 Ng4 16. Nc4 f6 17. Qg3 fxg5 18. hxg5 Nd4 19. Be4 Nf5 20. Bxf5 Rxf5 21. Ne4 Rcf8 22. Rh3 b5 23. Ncd2 c4 24. d4 Qc6 25. Qg2 Qa6 26. Kb1 b4 27. Qf1 Rc8 28. Nb3 Ra5 29. Nec5 Bxc5 30. Nxc5 Rcxc5 31. dxc5 Rxa2 32. Kc1 Rxb2 33. Rd8+ Kf7 0-1

[Event "Heart of Finland op 27th"]
[Site "Jyvaskyla"]
[Date "2017.07.18"]
[Round "2"]
[White "Keinanen, Toivo"]
[Black "Loginov, Valery A"]
[Result "1/2-1/2"]
[WhiteElo "2291"]
[BlackElo "2486"]
[PlyCount "73"]
[EventDate "2017.07.17"]
[EventType "swiss"]
[EventRounds "9"]
[EventCountry "FIN"]
[SourceTitle "CBM 179 Extra"]
[Source "ChessBase"]
[SourceDate "2017.08.23"]
[SourceVersion "1"]
[SourceVersionDate "2017.08.23"]
[SourceQuality "1"]

1. c4 c5 2. g3 g6 3. Bg2 Bg7 4. Nc3 Nc6 5. Nf3 e5 6. 0-0 Nge7 7. Ne1 0-0 8. Nc2 d6 9. Ne3 f5 10. Ned5 f4 11. d3 g5 12. a3 Ng6 13. b4 Bd7 14. Ne4 b6 15. b5 Nd4 16. e3 f3 17. exd4 fxg2 18. Kxg2 h6 19. dxc5 dxc5 20. Qh5 Be8 21. Qe2 Bf7 22. Ndc3 Qd7 23. Bb2 Rad8 24. Rad1 Be6 25. Kg1 Bh3 26. Nd5 Bxf1 27. Kxf1 Ne7 28. Ne3 Rf7 29. Kg2 Rdf8 30. Rf1 Qe6 31. a4 Ng6 32. Nd5 g4 33. Kg1 Rf3 34. Nd2 R3f7 35. Ne4 Rf3 36. Nd2 R3f7 37. Ne4 1/2-1/2

[Event "Heart of Finland op 27th"]
[Site "Jyvaskyla"]
[Date "2017.07.17"]
[Round "1"]
[White "Loginov, Valery A"]
[Black "Nivala, Tuomas"]
[Result "1-0"]
[WhiteElo "2486"]
[BlackElo "2247"]
[PlyCount "129"]
[EventDate "2017.07.17"]
[EventType "swiss"]
[EventRounds "9"]
[EventCountry "FIN"]
[SourceTitle "CBM 179 Extra"]
[Source "ChessBase"]
[SourceDate "2017.08.23"]
[SourceVersion "1"]
[SourceVersionDate "2017.08.23"]
[SourceQuality "1"]

1. e4 c5 2. Nf3 g6 3. d4 cxd4 4. Qxd4 Nf6 5. e5 Nc6 6. Qa4 Nd5 7. Qe4 Nb6 8. Nc3 Bg7 9. Bf4 d5 10. exd6 Bf5 11. Qe3 0-0 12. 0-0-0 exd6 13. Bb5 Na5 14. Nd4 Bg4 15. Bg5 Qc8 16. f3 Bd7 17. Rhe1 Nac4 18. Qf2 Qc5 19. Ne4 Qb4 20. c3 Bxd4 21. Rxd4 Qxb5 22. b3 f5 23. Nf6+ Rxf6 24. Bxf6 Ne5 25. Qd2 Rf8 26. Bxe5 dxe5 27. c4 Qc6 28. Rxe5 Qf6 29. f4 Bc6 30. g3 Qf7 31. Qe3 Be4 32. Qd2 Bc6 33. Qb4 Re8 34. Qd6 Nd7 35. Rxe8+ Qxe8 36. Kb2 Kf7 37. Rd2 Qe7 38. Qxe7+ Kxe7 39. b4 a6 40. Kb3 Nf6 41. a4 Ne4 42. Ra2 Bd7 43. Kc2 Kd6 44. a5 Be6 45. Kd3 Kc6 46. Re2 Bd7 47. Kd4 Kd6 48. Rb2 Be8 49. g4 Bd7 50. g5 Be6 51. b5 axb5 52. cxb5 Nc5 53. a6 bxa6 54. bxa6 Bd5 55. a7 Ne6+ 56. Ke3 Nc7 57. Rb8 Kc5 58. h4 Be4 59. Kf2 Bd5 60. Kg3 Be4 61. Rh8 Kb6 62. Rxh7 Nb5 63. Rg7 Nxa7 64. Rxg6+ Kc5 65. h5 1-0